000 00292nam a22001337a 4500
008 260218b ||||| |||| 00| 0 eng d
020 _a9951050158
041 _aeng
080 _a821.18
100 _a20.1
101 _aroman
245 _aUdhëtimi i Fundit
_cAdem Gashi
942 _2lcc
_cBK
999 _c60803
_d60803